| 000 | 00505nam a2200169 i 4500 | ||
|---|---|---|---|
| 001 | 83234 | ||
| 003 | ES-MaACL | ||
| 005 | 20250920063047.0 | ||
| 007 | t| | ||
| 008 | 041116s1907 sp ||||1| spa d | ||
| 100 | 1 |
_aInsúa, Alberto, _d1885-1963 _965346 |
|
| 245 | 1 | 0 |
_aHistoria de un escéptico _b: en tierra de Santos : novela / _cAlberto Insúa. |
| 260 |
_aMadrid : _bM. Pérez Villavicencio, _c1907. |
||
| 300 |
_a291 p. ; _c18 cm. |
||
| 852 |
_aES-MaACL _jF-10385 |
||
| 999 |
_c83234 _d83234 |
||